<?xml version="1.0" encoding="UTF-8"?>
<record
    xmlns:xsi="http://www.w3.org/2001/XMLSchema-instance"
    xsi:schemaLocation="http://www.loc.gov/MARC21/slim http://www.loc.gov/standards/marcxml/schema/MARC21slim.xsd"
    xmlns="http://www.loc.gov/MARC21/slim">

  <leader>01515nam a22001817a 4500</leader>
  <datafield tag="999" ind1=" " ind2=" ">
    <subfield code="c">37080</subfield>
    <subfield code="d">37080</subfield>
  </datafield>
  <datafield tag="020" ind1=" " ind2=" ">
    <subfield code="a">9789393499301</subfield>
  </datafield>
  <datafield tag="245" ind1=" " ind2=" ">
    <subfield code="a">KM Panikkar and  The Growth of a Maritime Consciousness in India/</subfield>
  </datafield>
  <datafield tag="260" ind1=" " ind2=" ">
    <subfield code="a">Delhi:</subfield>
    <subfield code="b">Vij Books India Pvt Ltd,</subfield>
  </datafield>
  <datafield tag="300" ind1=" " ind2=" ">
    <subfield code="a">xvi, 404 Pages</subfield>
  </datafield>
  <datafield tag="520" ind1=" " ind2=" ">
    <subfield code="a">Sardar KM Panikkar's life and works form a fascinating narrative encompassing a wide diversity of roles, positions and interests. Panikkar was one of the early writers on the history of India's connections with the Indian Ocean. His seminal historical and literary works have influenced contemporary thoughts and perceptions and played a formative role in orienting independent India's maritime consciousness. Panikkar's emphasis on the need for a well-considered and effective naval policy as critical to India's security needs internalization amongst Indian political elite, policy makers, and academia, as there is a growing realisation of the significance of the Indian Ocean in India's strategic calculus. This volume offers deep insights into Panikkar's understanding and vision of the world and India and seas and oceans, with rich debates on geopolitics of those times, primacy of maritime issues, relevance of these on contemporary geopolitics, strategic dynamics and economic of trade and interdependence.


</subfield>
  </datafield>
  <datafield tag="546" ind1=" " ind2=" ">
    <subfield code="a">English</subfield>
  </datafield>
  <datafield tag="650" ind1=" " ind2=" ">
    <subfield code="a">international law</subfield>
    <subfield code="x">Maritime law</subfield>
    <subfield code="z">India</subfield>
  </datafield>
  <datafield tag="650" ind1=" " ind2=" ">
    <subfield code="a">Geopolitics</subfield>
    <subfield code="z">India</subfield>
  </datafield>
  <datafield tag="650" ind1=" " ind2=" ">
    <subfield code="a">Indian Ocean</subfield>
  </datafield>
  <datafield tag="700" ind1=" " ind2=" ">
    <subfield code="a">Shakhuja, Vijay</subfield>
  </datafield>
  <datafield tag="700" ind1=" " ind2=" ">
    <subfield code="a">Pandaey Pragya</subfield>
  </datafield>
  <datafield tag="942" ind1=" " ind2=" ">
    <subfield code="2">ddc</subfield>
    <subfield code="c">BK</subfield>
  </datafield>
</record>
